[Event "Space Coast op 28th"]
[Site "Cape Canaveral"]
[Date "2023.05.20"]
[Round "2"]
[White "Zlotnikov, Mikhail"]
[Black "Becerra Rivero, Julio"]
[Result "1/2-1/2"]
[WhiteElo "2130"]
[BlackElo "2446"]
[PlyCount "82"]
[EventDate "2023.05.19"]
[EventType "swiss"]
[EventRounds "5"]
[EventCountry "USA"]
[SourceTitle "EXT 2024"]
[Source "ChessBase"]
[SourceDate "2023.10.10"]
[SourceVersion "1"]
[SourceVersionDate "2023.10.10"]
[SourceQuality "1"]

1. c4 g6 2. g3 Bg7 3. Bg2 c5 4. Nf3 Nc6 5. Nc3 d6 6. 0-0 Nh6 7. d3 0-0 8. Bd2 Qd7 9. Rb1 Nf5 10. e3 b6 11. a3 Bb7 12. b4 Rfd8 13. Qe2 e6 14. Rfc1 Rab8 15. Nb5 Ba8 16. Bc3 e5 17. Be1 Re8 18. Nc3 Nd8 19. Qc2 Ne6 20. Nd5 Ne7 21. Qb3 h5 22. h4 b5 23. Nxe7+ Qxe7 24. cxb5 Rxb5 25. a4 Rbb8 26. b5 d5 27. Bc3 d4 28. exd4 cxd4 29. Bb4 Qd8 30. Ne1 g5 31. Bxa8 Rxa8 32. Nf3 Qf6 33. Qd1 e4 34. dxe4 g4 35. Ne1 Qg6 36. Qd3 Nf8 37. Rc5 Rxe4 38. Nc2 Ne6 39. Rc6 Qf5 40. Re1 Qg6 41. Rb1 f5 1/2-1/2

[Event "Gulf Coast op 8th"]
[Site "Estero"]
[Date "2023.01.07"]
[Round "2"]
[White "Zlotnikov, Mikhail"]
[Black "Leon Oquendo, Jorge L"]
[Result "1/2-1/2"]
[WhiteElo "2138"]
[BlackElo "2361"]
[PlyCount "113"]
[EventDate "2023.01.07"]
[EventType "swiss"]
[EventRounds "5"]
[EventCountry "USA"]
[SourceTitle "CBM 212 Extra"]
[Source "ChessBase"]
[SourceDate "2023.03.31"]
[SourceVersion "1"]
[SourceVersionDate "2023.03.31"]
[SourceQuality "1"]

1. c4 c6 2. Nf3 d5 3. e3 Nf6 4. Nc3 g6 5. cxd5 cxd5 6. Bb5+ Nbd7 7. d4 Bg7 8. Qb3 e6 9. 0-0 0-0 10. a4 a6 11. Bd3 Re8 12. Bd2 e5 13. Nxe5 Nxe5 14. dxe5 Rxe5 15. Ne2 Rh5 16. f3 Qd6 17. Nf4 Rh6 18. Qb4 Qb8 19. Qe7 Bd7 20. Bc3 g5 21. Be5 Qe8 22. Bxf6 Bxf6 23. Qxe8+ Rxe8 24. Nxd5 Bxb2 25. Rab1 Be5 26. Rxb7 Bxa4 27. Ne7+ Kf8 28. Nf5 Rc6 29. Ra7 Bb5 30. Bxb5 axb5 31. Rd1 Rb8 32. Rdd7 Rf6 33. g4 h5 34. h3 h4 35. Rdb7 Rxb7 36. Rxb7 Ra6 37. Rxb5 Ra1+ 38. Kf2 Ra2+ 39. Kf1 f6 40. f4 gxf4 41. exf4 Bxf4 42. Nxh4 Kf7 43. Nf5 Be5 44. h4 Ra4 45. h5 Ra7 46. Rb6 Bf4 47. Ke2 Bg5 48. Nd6+ Kg7 49. Ne4 Bh4 50. Kd3 Ra3+ 51. Kc4 Rf3 52. Kd5 f5 53. h6+ Kg8 54. gxf5 Rxf5+ 55. Ke6 Rh5 56. Rb8+ Kh7 57. Nf6+ 1/2-1/2

[Event "Dulles Cherry Blossom op"]
[Site "Dulles"]
[Date "2022.05.29"]
[Round "7"]
[White "Prem, Pranav"]
[Black "Zlotnikov, Mikhail"]
[Result "0-1"]
[WhiteElo "2017"]
[BlackElo "2194"]
[PlyCount "74"]
[EventDate "2022.05.26"]
[EventType "swiss"]
[EventRounds "9"]
[EventCountry "USA"]
[SourceTitle "CBM 208 Extra"]
[Source "ChessBase"]
[SourceDate "2022.07.31"]
[SourceVersion "1"]
[SourceVersionDate "2022.07.31"]
[SourceQuality "1"]

1. d4 Nf6 2. c4 g6 3. Nc3 Bg7 4. e4 d6 5. Nf3 0-0 6. Be2 Nbd7 7. 0-0 e5 8. d5 a5 9. b3 Nc5 10. Nd2 c6 11. a3 Bd7 12. Bb2 Qb6 13. Qc2 Bh6 14. Ncb1 Rfc8 15. a4 Bg4 16. Re1 Na6 17. Qd1 Bxe2 18. Qxe2 Nc5 19. Qf3 Nh5 20. Ba3 Rf8 21. Ra2 Nf4 22. Bxc5 Qxc5 23. g3 Nh5 24. Qe2 Nf6 25. Nf3 Nd7 26. Nh4 Qb4 27. Rb2 cxd5 28. cxd5 Rac8 29. Nf3 Nc5 30. Nfd2 Nxa4 31. Ra2 Nc5 32. Qf3 b5 33. Rd1 a4 34. bxa4 Nxa4 35. Ra3 Nb2 36. Rb3 Qd4 37. Rxb2 Qxb2 0-1

[Event "Dulles Cherry Blossom op"]
[Site "Dulles"]
[Date "2022.05.27"]
[Round "2"]
[White "Zlotnikov, Mikhail"]
[Black "De Fotis, Gary"]
[Result "1-0"]
[WhiteElo "2194"]
[BlackElo "1810"]
[PlyCount "119"]
[EventDate "2022.05.26"]
[EventType "swiss"]
[EventRounds "9"]
[EventCountry "USA"]
[SourceTitle "CBM 208 Extra"]
[Source "ChessBase"]
[SourceDate "2022.07.31"]
[SourceVersion "1"]
[SourceVersionDate "2022.07.31"]
[SourceQuality "1"]

1. c4 Nf6 2. Nc3 g6 3. g3 Bg7 4. Bg2 d6 5. e4 0-0 6. Nge2 e5 7. 0-0 c6 8. d4 Re8 9. h3 exd4 10. Nxd4 Nbd7 11. Be3 Nc5 12. Qc2 a5 13. Nb3 Na6 14. Rad1 Qe7 15. Bf4 Rd8 16. a3 Nc7 17. Na4 Ne6 18. Be3 Nd7 19. Rd2 Nec5 20. Nbxc5 dxc5 21. Nxc5 Re8 22. Na4 Qe6 23. Rfd1 Bf8 24. f4 Nf6 25. e5 Nd7 26. Bf2 f6 27. exf6 Nxf6 28. Rd8 Bd7 29. Rxa8 Rxa8 30. Nc5 Bxc5 31. Bxc5 Re8 32. Bf2 Qf7 33. Re1 Bf5 34. Qc3 Ne4 35. Qd4 Nxf2 36. Rxe8+ Qxe8 37. Kxf2 Be6 38. h4 Qf7 39. Bf1 Qf5 40. Bd3 Qh3 41. Qe4 Qg4 42. Qe2 Qh3 43. Qf3 Kg7 44. Ke3 Qh2 45. Qf2 Qh1 46. Bf1 Kf6 47. Kd2 Qe4 48. Bd3 Qh1 49. Qd4+ Kf7 50. Qh8 Qh2+ 51. Kc3 Qxg3 52. Qxh7+ Kf6 53. Qh6 Qe1+ 54. Kc2 Qf2+ 55. Kb1 Qg1+ 56. Ka2 Bf5 57. Qf8+ Ke6 58. Qe8+ Kf6 59. Qe5+ Kf7 60. Bxf5 1-0

[Event "Dulles Cherry Blossom op"]
[Site "Dulles"]
[Date "2022.05.26"]
[Round "1"]
[White "Hyland, Mark"]
[Black "Zlotnikov, Mikhail"]
[Result "1/2-1/2"]
[WhiteElo "1875"]
[BlackElo "2194"]
[PlyCount "57"]
[EventDate "2022.05.26"]
[EventType "swiss"]
[EventRounds "9"]
[EventCountry "USA"]
[SourceTitle "CBM 208 Extra"]
[Source "ChessBase"]
[SourceDate "2022.07.31"]
[SourceVersion "1"]
[SourceVersionDate "2022.07.31"]
[SourceQuality "1"]

1. d4 g6 2. e4 Bg7 3. c4 d6 4. Nc3 Nc6 5. Nf3 Bg4 6. Be3 Bxf3 7. gxf3 e5 8. dxe5 dxe5 9. Qxd8+ Rxd8 10. Nd5 Nd4 11. Bxd4 exd4 12. Nxc7+ Kd7 13. Nd5 Ne7 14. Bd3 Nxd5 15. cxd5 Be5 16. Rc1 Rc8 17. Rxc8 Rxc8 18. Ke2 Kd6 19. h3 h5 20. Rg1 Bf4 21. Bb1 Rc1 22. Rxc1 Bxc1 23. b3 g5 24. Kd3 Bb2 25. Bc2 f6 26. Bd1 h4 27. a4 Bc3 28. Bc2 Ke5 29. Bd1 1/2-1/2

[Event "Estero Gulf Coast op 7th"]
[Site "Estero"]
[Date "2022.01.09"]
[Round "5"]
[White "Zlotnikov, Mikhail"]
[Black "Ngo, Bach"]
[Result "1/2-1/2"]
[WhiteElo "2213"]
[BlackElo "2327"]
[PlyCount "50"]
[EventDate "2022.01.07"]
[EventType "swiss"]
[EventRounds "5"]
[EventCountry "USA"]
[SourceTitle "EXT 2023"]
[Source "ChessBase"]
[SourceDate "2022.10.05"]
[SourceVersion "1"]
[SourceVersionDate "2022.10.05"]
[SourceQuality "1"]

1. Nf3 Nf6 2. c4 e6 3. d4 b6 4. Nc3 Bb7 5. e3 d5 6. cxd5 Nxd5 7. Bb5+ c6 8. Bd3 Be7 9. 0-0 0-0 10. a3 c5 11. Bd2 cxd4 12. Nxd4 Nd7 13. Nxd5 Bxd5 14. Rc1 Rc8 15. b4 Rxc1 16. Bxc1 Qa8 17. f3 a5 18. Bb5 Nf6 19. Bd2 axb4 20. axb4 Qa3 21. e4 Ba8 22. Qb3 Qxb3 23. Nxb3 Bb7 24. Ra1 Ra8 25. Rxa8+ Bxa8 1/2-1/2

[Event "Washington op"]
[Site "Washington DC "]
[Date "2015.10.12"]
[Round "9"]
[White "Sena, Juan Oscar"]
[Black "Zlotnikov, Mikhail"]
[Result "0-1"]
[WhiteElo "2101"]
[BlackElo "2281"]
[PlyCount "52"]
[EventDate "2015.10.07"]
[EventType "swiss"]
[EventRounds "9"]
[EventCountry "USA"]
[SourceTitle "CBM 168 Extra"]
[Source "ChessBase"]
[SourceDate "2015.10.29"]
[SourceVersion "1"]
[SourceVersionDate "2015.10.29"]
[SourceQuality "1"]

1. d4 g6 2. Nf3 Bg7 3. c4 d6 4. Nc3 Nf6 5. e4 0-0 6. Be2 Nbd7 7. 0-0 e5 8. Qc2 exd4 9. Nxd4 Re8 10. Rd1 c6 11. Bf4 Qe7 12. Bg5 a6 13. f3 b6 14. Bh4 Ne5 15. g4 b5 16. cxb5 axb5 17. Kh1 b4 18. Nxc6 Nxc6 19. Nd5 Nxd5 20. Bxe7 Ndxe7 21. Bb5 Be6 22. Rxd6 b3 23. Qc1 Rxa2 24. Rxa2 bxa2 25. Qa1 Ra8 26. Rd2 Nd4 0-1

[Event "Washington op"]
[Site "Washington DC "]
[Date "2015.10.11"]
[Round "8"]
[White "Zlotnikov, Mikhail"]
[Black "Agusto, Olaonipekun"]
[Result "1-0"]
[WhiteElo "2281"]
[BlackElo "2046"]
[PlyCount "81"]
[EventDate "2015.10.07"]
[EventType "swiss"]
[EventRounds "9"]
[EventCountry "USA"]
[SourceTitle "CBM 168 Extra"]
[Source "ChessBase"]
[SourceDate "2015.10.29"]
[SourceVersion "1"]
[SourceVersionDate "2015.10.29"]
[SourceQuality "1"]

1. c4 f5 2. Nc3 Nf6 3. g3 g6 4. Bg2 Bg7 5. Nf3 d6 6. d4 0-0 7. 0-0 c6 8. d5 Qe8 9. Nd4 Bd7 10. Rb1 Na6 11. b4 Nxb4 12. a3 Na6 13. Rxb7 Nc5 14. Rb4 Nce4 15. Nxe4 Nxe4 16. dxc6 Bxc6 17. Ne6 Nc3 18. Nxg7 Qf7 19. Bxc6 Nxd1 20. Bd5 Nc3 21. Bxf7+ Kxf7 22. Bb2 Ne4 23. f3 Nc5 24. g4 e5 25. Rd1 Rfd8 26. Rb5 Rab8 27. Bc3 Rxb5 28. cxb5 Nb7 29. Nxf5 gxf5 30. gxf5 Rc8 31. Bb4 Kf6 32. e4 Rd8 33. Rc1 Rd7 34. Rc6 Kf7 35. Kf2 Kg7 36. Ke3 Rf7 37. f4 exf4+ 38. Kxf4 h6 39. a4 Nc5 40. Bxc5 dxc5 41. Rxc5 1-0

[Event "Washington op"]
[Site "Washington DC "]
[Date "2015.10.10"]
[Round "6"]
[White "Jian, Alex"]
[Black "Zlotnikov, Mikhail"]
[Result "1/2-1/2"]
[WhiteElo "1907"]
[BlackElo "2281"]
[PlyCount "44"]
[EventDate "2015.10.07"]
[EventType "swiss"]
[EventRounds "9"]
[EventCountry "USA"]
[SourceTitle "CBM 168 Extra"]
[Source "ChessBase"]
[SourceDate "2015.10.29"]
[SourceVersion "1"]
[SourceVersionDate "2015.10.29"]
[SourceQuality "1"]

1. d4 g6 2. Nf3 Bg7 3. c4 d6 4. Nc3 Nf6 5. e4 0-0 6. Be2 Nbd7 7. Bg5 h6 8. Bh4 c6 9. 0-0 Qc7 10. Nd2 e5 11. d5 a5 12. a3 Nb6 13. b4 cxd5 14. Nb5 Qd8 15. cxd5 Bd7 16. Rc1 axb4 17. axb4 Kh7 18. Qc2 Qb8 19. f3 Rc8 20. Qb3 Bxb5 21. Bxb5 Qa7 22. Bf2 Qa2 1/2-1/2

[Event "Manhattan op"]
[Site "New York"]
[Date "2011.08.21"]
[Round "9"]
[White "Ostrovskiy, Aleksandr A"]
[Black "Zlotnikov, Mikhail"]
[Result "1/2-1/2"]
[WhiteElo "2294"]
[BlackElo "2305"]
[PlyCount "33"]
[EventDate "2011.08.17"]
[EventType "swiss"]
[EventRounds "9"]
[EventCountry "USA"]
[SourceTitle "CBM 143 Extra"]
[Source "ChessBase"]
[SourceDate "2011.08.29"]
[SourceVersion "1"]
[SourceVersionDate "2011.08.29"]
[SourceQuality "1"]

1. e4 d6 2. d4 Nf6 3. Nc3 c6 4. a4 g6 5. Nge2 Bg7 6. g3 0-0 7. Bg2 e5 8. 0-0 Nbd7 9. dxe5 dxe5 10. b3 Re8 11. h3 b6 12. Be3 Qe7 13. a5 Ba6 14. axb6 axb6 15. Na4 Bb5 16. Nac3 Ba6 17. Na4 1/2-1/2

[Event "Manhattan op"]
[Site "New York"]
[Date "2011.08.19"]
[Round "5"]
[White "Lawson, Brian"]
[Black "Zlotnikov, Mikhail"]
[Result "0-1"]
[WhiteElo "2083"]
[BlackElo "2305"]
[PlyCount "96"]
[EventDate "2011.08.17"]
[EventType "swiss"]
[EventRounds "9"]
[EventCountry "USA"]
[SourceTitle "CBM 143 Extra"]
[Source "ChessBase"]
[SourceDate "2011.08.29"]
[SourceVersion "1"]
[SourceVersionDate "2011.08.29"]
[SourceQuality "1"]

1. d4 g6 2. c4 Bg7 3. Nf3 d6 4. Nc3 Nf6 5. Bf4 c6 6. e3 0-0 7. Be2 a6 8. 0-0 b5 9. Nd2 Nfd7 10. Bf3 Ra7 11. Bg5 Nf6 12. Bh4 Bb7 13. Rc1 Nbd7 14. b4 a5 15. a3 axb4 16. axb4 Qb6 17. c5 dxc5 18. dxc5 Qd8 19. Nb3 Ne5 20. Be2 Nc4 21. Bxc4 bxc4 22. Na5 Nd5 23. Nxb7 Rxb7 24. Nxd5 cxd5 25. e4 Rxb4 26. Qxd5 c3 27. Rfd1 Qc7 28. Bg3 Qc8 29. e5 e6 30. Qd6 Rc4 31. Rc2 Qxc5 32. Qxc5 Rxc5 33. f4 Rc4 34. Kf2 f6 35. exf6 Bxf6 36. Ke3 Bg7 37. Rd3 Rfc8 38. Be1 R8c7 39. g3 Kf7 40. Ke2 h6 41. h4 Bd4 42. Kf3 h5 43. Bf2 Bg7 44. Be1 e5 45. fxe5 Bxe5 46. Ke3 Ke6 47. Kf3 Bd4 48. Bf2 Rf7+ 0-1

[Event "Foxwoods op"]
[Site "Ledyard"]
[Date "2009.04.11"]
[Round "7"]
[White "Zlotnikov, Mikhail"]
[Black "Vaughan, David Owen"]
[Result "1-0"]
[WhiteElo "2324"]
[BlackElo "2040"]
[PlyCount "89"]
[EventDate "2009.04.08"]
[EventType "swiss"]
[EventRounds "9"]
[EventCountry "USA"]
[SourceTitle "CBM 129 Extra"]
[Source "ChessBase"]
[SourceDate "2009.05.05"]
[SourceVersion "2"]
[SourceVersionDate "2009.05.20"]
[SourceQuality "1"]

1. c4 Nf6 2. Nc3 e5 3. Nf3 Nc6 4. g3 Bb4 5. Nd5 d6 6. Nxb4 Nxb4 7. Bg2 0-0 8. 0-0 Re8 9. d3 h6 10. a3 Nc6 11. b4 a6 12. Bb2 Bg4 13. h3 Bf5 14. Kh2 Qd7 15. Qd2 Rab8 16. b5 axb5 17. cxb5 Ne7 18. a4 Bh7 19. Qc3 Kh8 20. Nd2 Nfd5 21. Qb3 c6 22. e4 Nc7 23. Qxf7 Ne6 24. Qh5 Rf8 25. f4 Bg6 26. Qh4 Nd4 27. Nc4 Bf7 28. fxe5 Ng6 29. Qh5 Nf4 30. Qg4 Be6 31. Qh4 Nxg2 32. Kxg2 d5 33. Nd6 Nb3 34. Rad1 Nc5 35. exd5 Bxd5+ 36. Kh2 Rxf1 37. Rxf1 Kh7 38. Qd4 Ne6 39. Qg4 Rg8 40. Bc1 Qd8 41. Ne4 Nd4 42. Ng5+ Kh8 43. e6 Rf8 44. Nf7+ Kh7 45. Qxd4 1-0

[Event "Philadelphia National op 39th"]
[Site "Philadelphia"]
[Date "2008.11.30"]
[Round "5"]
[White "Sarkar, Justin"]
[Black "Zlotnikov, Mikhail"]
[Result "0-1"]
[WhiteElo "2451"]
[BlackElo "2314"]
[PlyCount "76"]
[EventDate "2008.11.28"]
[EventType "swiss"]
[EventRounds "6"]
[EventCountry "USA"]
[SourceTitle "CBM 127 Extra"]
[Source "ChessBase"]
[SourceDate "2009.01.08"]
[SourceVersion "2"]
[SourceVersionDate "2009.01.28"]
[SourceQuality "1"]

1. d4 g6 2. e4 Bg7 3. c4 d6 4. Nc3 Nd7 5. Nf3 e5 6. Be2 Ngf6 7. 0-0 0-0 8. Be3 h6 9. d5 Ng4 10. Bd2 f5 11. Ne1 Ngf6 12. exf5 gxf5 13. f4 Nc5 14. fxe5 dxe5 15. Be3 Qe7 16. b4 Nce4 17. Nxe4 Nxe4 18. Qb3 a5 19. Bd3 axb4 20. Bxe4 Ra3 21. d6 cxd6 22. Bd5+ Kh8 23. Qd1 Rxe3 24. Nc2 Rc3 25. Nxb4 e4 26. Rb1 Qe5 27. Qe2 Qd4+ 28. Kh1 Qe3 29. Qd1 Qg5 30. Rb3 Rxb3 31. axb3 Be5 32. g4 e3 33. gxf5 Qh4 34. Qe2 Bxf5 35. Qg2 Bxh2 36. Rxf5 Bg3+ 37. Kg1 Rxf5 38. Nc2 Rf2 0-1

[Event "New Jersey Futurity 2nd"]
[Site "New Jersey"]
[Date "2008.07.09"]
[Round "4"]
[White "Almeida Saenz, Alfonso"]
[Black "Zlotnikov, Mikhail"]
[Result "1-0"]
[WhiteElo "2419"]
[BlackElo "2345"]
[PlyCount "66"]
[EventDate "2008.07.07"]
[EventType "tourn"]
[EventRounds "9"]
[EventCountry "USA"]
[EventCategory "8"]
[SourceTitle "CBM 125 Extra"]
[Source "ChessBase"]
[SourceDate "2008.09.01"]
[SourceVersion "1"]
[SourceVersionDate "2008.09.01"]
[SourceQuality "1"]

1. d4 d6 2. Nf3 Nf6 3. c4 g6 4. Nc3 Bg7 5. g3 0-0 6. Bg2 Nbd7 7. 0-0 e5 8. e4 c6 9. h3 Re8 10. Be3 exd4 11. Nxd4 Nc5 12. Qc2 a5 13. Rad1 Nfd7 14. Rfe1 a4 15. f4 Qa5 16. g4 Qb4 17. a3 Qa5 18. Bf2 Nf8 19. f5 Nfd7 20. Nf3 Ne5 21. Rxd6 Nxc4 22. Rdd1 Nxb2 23. Qxb2 Bxc3 24. Qc1 Nxe4 25. Bd4 Bxd4+ 26. Nxd4 Nd6 27. Rf1 Qe5 28. Nf3 Qg3 29. Rf2 Ra5 30. Qh6 Ne4 31. Re2 Qc7 32. Rxe4 Rxe4 33. f6 Qe5 1-0

[Event "New Jersey Futurity 2nd"]
[Site "New Jersey"]
[Date "2008.07.08"]
[Round "2"]
[White "Palatnik, Semon"]
[Black "Zlotnikov, Mikhail"]
[Result "1-0"]
[WhiteElo "2472"]
[BlackElo "2345"]
[PlyCount "140"]
[EventDate "2008.07.07"]
[EventType "tourn"]
[EventRounds "9"]
[EventCountry "USA"]
[EventCategory "8"]
[SourceTitle "CBM 125 Extra"]
[Source "ChessBase"]
[SourceDate "2008.09.01"]
[SourceVersion "1"]
[SourceVersionDate "2008.09.01"]
[SourceQuality "1"]

1. d4 g6 2. c4 Bg7 3. Nc3 d6 4. e4 Nf6 5. Nge2 0-0 6. f3 Nc6 7. Be3 e5 8. d5 Na5 9. Ng3 c5 10. a3 b6 11. b4 Nb7 12. Bd3 a5 13. bxa5 Nxa5 14. Rb1 Ba6 15. Nb5 Ne8 16. Qc2 Nc7 17. a4 Bc8 18. Nxc7 Qxc7 19. 0-0 Bd7 20. Ne2 Ra6 21. Nc3 Rfa8 22. Nb5 Qb8 23. Qe2 Nb7 24. Bc2 Qd8 25. f4 exf4 26. Bxf4 Bxb5 27. Rxb5 Qc7 28. Bg5 Re8 29. Rb3 Nd8 30. Rbf3 f5 31. Kh1 Nf7 32. Be3 Ne5 33. exf5 Nxf3 34. Qxf3 Qe7 35. Bg1 Rf8 36. Qd1 Qf6 37. Rf3 g5 38. Re3 Qd4 39. Qh5 Ra7 40. Rh3 Qf6 41. Qxh7+ Kf7 42. Qh5+ Kg8 43. Qh7+ Kf7 44. Re3 Rh8 45. Qg6+ Qxg6 46. fxg6+ Kf8 47. g3 Re7 48. Rf3+ Ke8 49. Bf5 Rf8 50. g4 Re1 51. Kg2 Rc1 52. Be3 Rxc4 53. Bxg5 Rxa4 54. Re3+ Be5 55. h4 c4 56. g7 Rg8 57. Bf6 Kf7 58. Bxe5 dxe5 59. Be6+ Kxg7 60. Bxg8 Kxg8 61. Kf3 Kf7 62. Rxe5 c3 63. d6 c2 64. Re7+ Kf6 65. Rc7 Rd4 66. Rxc2 Rxd6 67. Rb2 Rc6 68. Rb4 Ke5 69. Rb5+ Kf6 70. h5 Kf7 1-0

[Event "New Jersey Futurity 2nd"]
[Site "New Jersey"]
[Date "2008.07.07"]
[Round "1"]
[White "Zlotnikov, Mikhail"]
[Black "Molner, Mackenzie"]
[Result "0-1"]
[WhiteElo "2345"]
[BlackElo "2337"]
[PlyCount "159"]
[EventDate "2008.07.07"]
[EventType "tourn"]
[EventRounds "9"]
[EventCountry "USA"]
[EventCategory "8"]
[SourceTitle "CBM 125 Extra"]
[Source "ChessBase"]
[SourceDate "2008.09.01"]
[SourceVersion "1"]
[SourceVersionDate "2008.09.01"]
[SourceQuality "1"]

1. Nf3 Nf6 2. c4 c5 3. Nc3 e6 4. d4 cxd4 5. Nxd4 Bb4 6. Bd2 Nc6 7. e3 0-0 8. Be2 b6 9. 0-0 Bb7 10. a3 Be7 11. Rc1 Nxd4 12. exd4 d5 13. Bf3 Qd7 14. c5 bxc5 15. dxc5 Bxc5 16. Na4 Be7 17. Nc5 Bxc5 18. Rxc5 Rfc8 19. Be3 Rxc5 20. Bxc5 Qc7 21. Be3 a5 22. Qd2 Rc8 23. Rc1 Qxc1+ 24. Qxc1 Rxc1+ 25. Bxc1 a4 26. Kf1 Kf8 27. Ke1 Ke7 28. Kd2 Kd6 29. Kc3 e5 30. Kb4 Bc6 31. Bd1 Ne4 32. f3 Nc5 33. Bc2 d4 34. Bd2 h6 35. h4 Bd7 36. g4 Bc6 37. f4 f6 38. g5 hxg5 39. hxg5 Kd5 40. gxf6 gxf6 41. fxe5 fxe5 42. Bg6 Nb3 43. Bh6 Bd7 44. Bf7+ Ke4 45. Bg6+ Kf3 46. Bh5+ Kf2 47. Bg6 Bc6 48. Bg7 e4 49. Bxe4 Bxe4 50. Kxa4 d3 51. Bc3 d2 52. Bxd2 Nxd2 53. b4 Ke3 54. Kb5 Kd4 55. a4 Kc3 56. a5 Bd3+ 57. Ka4 Ne4 58. a6 Bxa6 59. Ka5 Bc4 60. Kb6 Kxb4 61. Kc6 Be6 62. Kc7 Kc5 63. Kd8 Kd6 64. Ke8 Ng3 65. Kf8 Nf5 66. Ke8 Ke5 67. Kf8 Bd5 68. Ke8 Ke6 69. Kf8 Kf6 70. Ke8 Bf7+ 71. Kd7 Ke5 72. Kc6 Kd4 73. Kb5 Kc3 74. Kc5 Bc4 75. Kc6 Kb4 76. Kd7 Bf7 77. Kc6 Kc4 78. Kb6 Be8 79. Kc7 Kc5 80. Kd8 0-1

[Event "World op 36th"]
[Site "Philadelphia"]
[Date "2008.07.02"]
[Round "1"]
[White "Zlotnikov, Mikhail"]
[Black "Becerra Rivero, Julio"]
[Result "0-1"]
[WhiteElo "2345"]
[BlackElo "2598"]
[PlyCount "81"]
[EventDate "2008.07.02"]
[EventType "swiss"]
[EventRounds "9"]
[EventCountry "USA"]
[SourceTitle "CBM 125 Extra"]
[Source "ChessBase"]
[SourceDate "2008.09.01"]
[SourceVersion "1"]
[SourceVersionDate "2008.09.01"]
[SourceQuality "1"]

1. Nf3 Nf6 2. c4 c6 3. g3 d5 4. Bg2 Bg4 5. 0-0 Nbd7 6. d4 e6 7. Qb3 Qb6 8. Nc3 Be7 9. Re1 0-0 10. Bf4 Bxf3 11. Bxf3 Qxd4 12. cxd5 Nc5 13. Qc2 cxd5 14. Rac1 Qb4 15. e4 dxe4 16. Nxe4 Ncxe4 17. Bxe4 Rac8 18. Qxc8 Rxc8 19. Rxc8+ Bf8 20. Rd1 Nxe4 21. Be3 Qxb2 22. Rdd8 Qa3 23. Bxa7 f6 24. Rxf8+ Qxf8 25. Rxf8+ Kxf8 26. f3 Nc3 27. Bc5+ Kf7 28. a3 e5 29. Kf2 Ke6 30. Bf8 g6 31. Ke3 Kd5 32. Kd3 Na4 33. g4 f5 34. gxf5 gxf5 35. Be7 Nc5+ 36. Kc3 Ne6 37. Kd3 Nf4+ 38. Kc3 h5 39. Bh4 Ne2+ 40. Kd3 Nd4 41. f4 0-1

[Event "Philadelphia National op 38th"]
[Site "Philadelphia"]
[Date "2007.11.23"]
[Round "2"]
[White "Heimann, Alexander C"]
[Black "Zlotnikov, Mikhail"]
[Result "0-1"]
[WhiteElo "2227"]
[BlackElo "2378"]
[PlyCount "77"]
[EventDate "2007.11.23"]
[EventType "swiss"]
[EventRounds "6"]
[EventCountry "USA"]
[SourceTitle "EXT 2012"]
[Source "ChessBase"]
[SourceDate "2011.11.24"]
[SourceVersion "1"]
[SourceVersionDate "2011.11.24"]
[SourceQuality "1"]

1. Nf3 Nf6 2. c4 g6 3. b4 Bg7 4. Bb2 0-0 5. d3 d6 6. a3 a5 7. g3 c6 8. Nbd2 axb4 9. axb4 Rxa1 10. Qxa1 Qb6 11. Qa5 Qxa5 12. bxa5 Nfd7 13. Bxg7 Kxg7 14. Nb3 c5 15. Bg2 Nc6 16. 0-0 Ndb8 17. Nfd2 Bd7 18. Nb1 Na6 19. Nc3 Rb8 20. Nd5 Kf8 21. Rb1 Ke8 22. Kf1 Kd8 23. Ke1 e6 24. Nf6 Ke7 25. Nxd7 Kxd7 26. Kd2 Ra8 27. e3 Nab4 28. Ra1 Kc7 29. Kc3 e5 30. Ra4 Re8 31. d4 exd4+ 32. exd4 Re2 33. Nxc5 dxc5 34. dxc5 Na2+ 35. Kd3 Rxf2 36. Bxc6 Kxc6 37. a6 bxa6 38. Rxa6+ Kxc5 39. Ra7 0-1

[Event "USA tt"]
[Site "ICC INT"]
[Date "2007.10.31"]
[Round "10"]
[White "Zlotnikov, Mikhail"]
[Black "Krush, Irina"]
[Result "0-1"]
[WhiteElo "2367"]
[BlackElo "2479"]
[PlyCount "102"]
[EventDate "2007.08.29"]
[EventType "team"]
[EventRounds "10"]
[EventCountry "USA"]
[SourceTitle "EXT 2008"]
[Source "ChessBase"]
[SourceDate "2007.11.25"]
[SourceVersion "1"]
[SourceVersionDate "2007.11.25"]
[SourceQuality "1"]

1. c4 e5 2. g3 c6 3. d4 Bb4+ 4. Bd2 Bxd2+ 5. Qxd2 d6 6. Nc3 Nf6 7. dxe5 dxe5 8. Qxd8+ Kxd8 9. Nf3 Re8 10. Bg2 Kc7 11. 0-0 a5 12. Rfd1 Nbd7 13. Rd2 Nc5 14. Ng5 Be6 15. Nxe6+ Rxe6 16. Rad1 Re7 17. Bh3 Rae8 18. f3 h5 19. Bf5 e4 20. f4 Ng4 21. Bxg4 hxg4 22. f5 Re5 23. Rf1 Nd7 24. Nd1 e3 25. Rd4 Nf6 26. Kg2 Re4 27. Rxe4 Rxe4 28. Rf4 Re5 29. h3 gxh3+ 30. Kxh3 Kd6 31. Kg2 Kc5 32. g4 Ne4 33. Nxe3 Ng5 34. Nf1 Rxe2+ 35. Rf2 Re4 36. Kg3 Rxc4 37. Re2 Re4 38. Rxe4 Nxe4+ 39. Kf4 Kd4 40. Nh2 b5 41. Nf3+ Kd5 42. Ne5 Nd6 43. g5 c5 44. g6 fxg6 45. Nxg6 c4 46. Ne7+ Kc5 47. Ng8 b4 48. f6 gxf6 49. Nxf6 Kd4 50. Ng4 c3 51. bxc3+ bxc3 0-1

[Event "New Jersey Futurity"]
[Site "Parsippany"]
[Date "2007.07.10"]
[Round "7"]
[White "Bartell, Thomas"]
[Black "Zlotnikov, Mikhail"]
[Result "1/2-1/2"]
[WhiteElo "2398"]
[BlackElo "2367"]
[PlyCount "111"]
[EventDate "2007.07.07"]
[EventType "tourn"]
[EventRounds "9"]
[EventCountry "USA"]
[EventCategory "7"]
[SourceTitle "CBM 119 Extra"]
[Source "ChessBase"]
[SourceDate "2007.09.04"]
[SourceVersion "1"]
[SourceVersionDate "2007.09.04"]
[SourceQuality "1"]

1. d4 g6 2. Nf3 Bg7 3. c4 Nf6 4. g3 0-0 5. Bg2 d6 6. 0-0 c6 7. Nc3 Nbd7 8. e4 e5 9. b3 Re8 10. Rb1 a6 11. Qc2 b5 12. Rd1 Qc7 13. h3 exd4 14. Nxd4 Bb7 15. cxb5 cxb5 16. Bf4 Rac8 17. Rbc1 Qb6 18. Be3 Bxe4 19. Nxe4 Rxc2 20. Nxc2 Qa5 21. Nxd6 Re6 22. a3 Bf8 23. Nb7 Qc3 24. Nd4 Rxe3 25. Rxc3 Rxc3 26. a4 bxa4 27. bxa4 Nc5 28. a5 Nfd7 29. Nd8 Nf6 30. N4c6 Nce4 31. Re1 Rc4 32. Ne5 Ra4 33. Ndxf7 Bc5 34. Nh6+ Kg7 35. Nhg4 Nxg4 36. Nxg4 h5 37. Ne3 Nc3 38. g4 hxg4 39. hxg4 Rxa5 40. Bc6 Kf6 41. Kg2 Bd4 42. f4 g5 43. Nf5 Bc5 44. Kg3 Ra3 45. Bf3 Bb6 46. fxg5+ Kxg5 47. Re7 Nd5 48. Re5 Bc7 49. Nd6+ Kf6 50. Rxd5 Ke6 51. Rh5 Bxd6+ 52. Kf2 a5 53. Bd5+ Kf6 54. Rf5+ Kg6 55. Be4 Bf8 56. Ke1 1/2-1/2